Städte und Gemeinden im Landkreis Groß Gerau mit Karte - Statistiken

Allgemein
  • Dieses Quiz wurde 96 mal gespielt
  • Das Durchschnittsergebnis liegt bei 9 aus 14
Antworten auf der Karte
Die Antworten werden auf der Karte rot bzw. grün angezeigt, abhängig davon wie oft sie richtig erraten wurden.
 
Antwortstatistiken
Stadt oder Gemeinde % Korrekt
Groß Gerau
96%
Rüsselsheim am Main
89%
Riedstadt
81%
Mörfelden-Walldorf
74%
Gernsheim
72%
Kelsterbach
70%
Ginsheim-Gustavsberg
63%
Raunheim
60%
Stockstadt
60%
Nauheim
56%
Trebur
56%
Bischofsheim
54%
Biebesheim
51%
Büttelborn
47%
Keine übereinstimmenden Quizze gefunden
Verteilung der Resultate
Anzahl Personen mit jedem Resultat
Perzentil nach korrekt beantworteten Fragen
Ihre Resultats-Entwicklung
Sie haben dieses Quiz noch nicht gespielt